Statistics for Borussia Dortmund 2020's Starting XI

Click here to take the quiz!

General Stats

  • This quiz has been taken 2,772 times
    (6 since last reset)
  • The average score is 22 of 27

Answer Stats

Player% Correct
Donyell Malen
100%
Erling Haaland
100%
Jadon Sancho
100%
Marcel Sabitzer
100%
Marco Reus
100%
Mats Hummels
100%
Nico Schlotterbeck
100%
Achraf Hakimi
83%
Axel Witsel
83%
Emre Can
83%
Gregor Kobel
83%
Jude Bellingham
83%
Karim Adeyemi
83%
Manuel Akanji
83%
Niclas Füllkrug
83%
Niklas Süle
83%
Raphaël Guerreiro
83%
Roman Bürki
83%
Thorgan Hazard
83%
Giovanni Reyna
67%
Ian Maatsen
67%
Julian Brandt
67%
Julian Ryerson
67%
Łukasz Piszczek
67%
Marwin Hitz
67%
Salih Özcan
67%
Thomas Meunier
67%

Score Distribution

Percentile by Number Answered

Percent of People with Each Score

Your Score History

You have not taken this quiz since the last reset